000 00489pab a2200169 454500
008 180718b2003 xxu||||| |||| 00| 0 eng d
100 _aSnehi, Yogesh
245 _aFemale infanticide and gender in Punjab: imperial claims and contemporary discourse
260 _c2003
300 _ap.4302-305.
362 _a11 Oct
650 _aWomen - India - Punjab
650 _aInfanticide - India - Punjab
650 _aInfanticide
773 _aEconomic and Political Weekly
909 _a58369
999 _c58369
_d58369